000 00541nam a22001577a 4500
003 NUST
038 _aNusrat Nadeem
082 _a200
100 _aIqbal, Zoya
_9130577
245 _aRole of Early Childhood Training Programs in Breaking Career-Related Gender Stereotypical Beliefs/
_cZoya Iqbal,
264 _aIslamabad:
_bS3H NUST.
_c2025.
650 _aMS- Career Counselling and Education
_9125301
700 _aSupervisor: Dr. Nadia Jahan
_9130578
856 _u http://10.250.8.41:8080/xmlui/handle/123456789/54748
942 _2ddc
_cSC
999 _c614771
_d614771